MARC

LEADER 00000nam0a2200000 4500
001 180189
005 20231031170651.0
010 |a 5030012338 
020 |a RU  |b 88-68562 
035 |a (RuTPU)RU\TPU\book\195338 
090 |a 180189 
100 |a 20100511d1988 m y0rusy5003 ca 
101 1 |a rus  |c eng 
102 |a RU 
105 |a a z 001zy 
200 1 |a Техника оптической связи. Фотоприемники  |e пер. с англ.  |f под ред. У. Тсанга 
210 |a Москва  |c Мир  |d 1988 
215 |a 526 с.  |c ил. 
320 |a Библиогр. в конце глав 
320 |a Предм. указ.: с. 520-524. 
610 1 |a фотоприемники 
610 1 |a лавинные фотодиоды 
610 1 |a физика 
610 1 |a фотодиоды 
610 1 |a полупроводниковые соединения 
610 1 |a кремниевые лавинные фотодиоды 
610 1 |a германиевые лавинные фотодиоды 
610 1 |a оптоэлектронные модули 
610 1 |a волоконно-оптические системы передач 
610 1 |a фототранзисторы 
675 |a 621.383  |v 3 
702 1 |a Тсанг  |b У.  |4 340 
801 0 |a RU  |b RuMRKP  |c 19950417  |g psbo 
801 1 |a RU  |b 63413507  |c 20100511 
801 2 |a RU  |b 63413507  |c 20110215  |g RCR 
942 |c BK